000 00667nam a22002057a 4500
999 _c16634
_d16634
003 AR-CdUCM
008 190504b ||||| |||| 00| 0 spa d
040 _aMUNICIPALIDAD PROVINCIAL DEL CUSCO
_cBIBLIOTECA MUNICIPAL DEL CUSCO
082 _a348.647 /
_bZ62
100 _aZharov, V.
_936196
245 _aURSS:
_bEl trabajo y la Ley /
260 _aMoscù :
_bNovosti,
_c1972.
300 _a85 páginas ;
_c17 cm.
505 _aContenido: Así nacen las leyes soviéticas -- La ley fundamental del trabajo -- La familia Krasnov.
650 _aDerecho
_9739
650 _aTrabajo
_94726
650 _aURSS
_92690
942 _2ddc
_cLIBROS
945 _adavv
_d04/05/2019